000 00455 a2200157 4500
001 92024
082 _a519.5 SPI
090 _c43981
_d43980
100 _aMurray R Spiegel and Larry J Stephens
245 _aStatistics, 4e; 487 Solved Problems; 621 Suplementry problems; 160 Multiple choice Questions
250 _a4e
260 _aIndia
_bMc Graw hill
_c2013
300 _axv, 552p.
_bPb
490 _aSchaum's Out lines
500 _aReferemce book
942 _aCAE NUST
_k519.5 SPI
999 _c327097
_d327097